Crying In The Club - Camila Cabello - All Lyrics - Statistics

General Stats
  • This quiz has been taken 82 times
    30 since last reset
  • The average score is 427 of 492
Answer Stats
Answer % Correct
a
100%
club,
100%
club
100%
cry,
100%
cry
100%
crying
100%
hey,
100%
hey
100%
I
100%
(I
100%
nah
100%
no
100%
no)
100%
the
100%
The
100%
(Whoa)
100%
ain't
95%
Ain't
95%
(Ain't
95%
baby
95%
in
95%
You
95%
you
95%
tears
91%
your
91%
Let
86%
like
86%
me
86%
that
86%
think
86%
With
86%
you'll
86%
been
82%
body
82%
him
82%
know,
82%
lie
82%
music
82%
never
82%
of
82%
So
82%
so
82%
tell
82%
that's
82%
thousand
82%
to
82%
yourself
82%
die
77%
fall,
77%
her
77%
put
77%
without
77%
arms
73%
around
73%
as
73%
fires
73%
free
73%
heat
73%
high
73%
Open
73%
this
73%
tonight
73%
true,
73%
true
73%
up
73%
won't,
73%
won't
73%
you've
73%
carry
68%
ecstasy
68%
fear
68%
feel
68%
lift
68%
sunrise
68%
they
68%
warm
68%
alone
64%
beat
64%
But
64%
forever
64%
heart
64%
It
64%
it
64%
now
64%
pure
64%
‘Til
64%
told
64%
turn
64%
another
59%
lay
59%
little
59%
meet
59%
faith,
45%
away
41%
may
41%
said
36%
more)
18%
No matching quizzes found
Score Distribution
Percent of People with Each Score
Percentile by Number Answered
Your Score History
You have not taken this quiz since the last reset